Mobil kép - mobilizált tapasztalat
Elmentve itt :
| Szerző: | |
|---|---|
| Adatforrás: | Philobibl |
| Forrásdokumentuma: | Világosság 48.2007:9. p. 13-19. |
| Dokumentumtípus: | Cikk |
| Nyelv: | magyar |
| Kulcsszavak: | kommunikáció valóság kép |
| Megjelent: |
2007
|
| LEADER | 00388nab a2200145 c 4500 | ||
|---|---|---|---|
| 001 | bibPHI0032019 | ||
| 005 | 20200924122954.5 | ||
| 008 | 080409s2007 hu hun | ||
| 100 | 1 | |a Kondor Zsuzsanna | |
| 245 | 1 | 0 | |a Mobil kép - mobilizált tapasztalat |c Kondor Zsuzsanna |
| 260 | |a 2007 | ||
| 695 | |a kommunikáció | ||
| 695 | |a valóság | ||
| 695 | |a kép | ||
| 773 | 0 | |t Világosság |g 48.2007:9. p. 13-19. | |